<?xml version="1.0" encoding="UTF-8"?><?xml-stylesheet type="text/xsl" href="static/style.xsl"?><OAI-PMH xmlns="http://www.openarchives.org/OAI/2.0/" xmlns:xsi="http://www.w3.org/2001/XMLSchema-instance" xsi:schemaLocation="http://www.openarchives.org/OAI/2.0/ http://www.openarchives.org/OAI/2.0/OAI-PMH.xsd"><responseDate>2026-06-02T21:45:08Z</responseDate><request verb="GetRecord" identifier="oai:riuma.uma.es:10630/45359" metadataPrefix="marc">https://riuma.uma.es/rest/oai/request</request><GetRecord><record><header><identifier>oai:riuma.uma.es:10630/45359</identifier><datestamp>2026-02-12T00:45:47Z</datestamp><setSpec>com_10630_2254</setSpec><setSpec>col_10630_37953</setSpec></header><metadata><record xmlns="http://www.loc.gov/MARC21/slim" xmlns:dcterms="http://purl.org/dc/terms/" xmlns:doc="http://www.lyncode.com/xoai" xmlns:xsi="http://www.w3.org/2001/XMLSchema-instance" xsi:schemaLocation="http://www.loc.gov/MARC21/slim http://www.loc.gov/standards/marcxml/schema/MARC21slim.xsd">
   <leader>00925njm 22002777a 4500</leader>
   <datafield ind2=" " ind1=" " tag="042">
      <subfield code="a">dc</subfield>
   </datafield>
   <datafield ind2=" " ind1=" " tag="720">
      <subfield code="a">Elicha, Jacobo</subfield>
      <subfield code="e">author</subfield>
   </datafield>
   <datafield ind2=" " ind1=" " tag="720">
      <subfield code="a">López-Muñoz, Francisco Javier</subfield>
      <subfield code="e">author</subfield>
   </datafield>
   <datafield ind2=" " ind1=" " tag="260">
      <subfield code="c">2025</subfield>
   </datafield>
   <datafield ind2=" " ind1=" " tag="520">
      <subfield code="a">The ever-increasing number of cyber-attacks poses a serious challenge to incident response teams. Recent cyber-attacks, such as the attack against energy distribution companies in Ukraine, highlight the disruption which can be caused and its consequences. More than 53 % of recorded incidents targeted essential entities, which heavily rely in Industrial Internet of Things (IIoT) devices, according to ENISA. Despite the amount of work in Cyber Threat Intelligence (CTI) and Intrusion Detection Systems (IDSs), automated response systems have been avoided in connected industrial environments mainly due to the criticality of the underlying assets, where a misstep has the potential to result in the disruption of critical processes. This paper therefore presents an Early and Adaptive Automated Intrusion Response Service for industrial environments, named EAIRS, which combines several techniques, including expert systems and reinforcement learning, to classify and mitigate anomalies detected by IDSs. The incidents EAIRS is designed to face range from network to host-based attacks. This paper provides the architecture for the described approach and the evaluation of a proof-of-concept implementation on an experimental testbed.</subfield>
   </datafield>
   <datafield ind1="8" ind2=" " tag="024">
      <subfield code="a">Jacobo Elicha, Javier Lopez, Dispatching advanced and adaptive intrusion responses for IIoT-based systems, Future Generation Computer Systems, Volume 179, 2026, 108314, ISSN 0167-739X, https://doi.org/10.1016/j.future.2025.108314.</subfield>
   </datafield>
   <datafield ind1="8" ind2=" " tag="024">
      <subfield code="a">https://hdl.handle.net/10630/45359</subfield>
   </datafield>
   <datafield ind1="8" ind2=" " tag="024">
      <subfield code="a">https://doi.org/10.1016/j.future.2025.108314</subfield>
   </datafield>
   <datafield tag="653" ind2=" " ind1=" ">
      <subfield code="a">Seguridad informática</subfield>
   </datafield>
   <datafield tag="653" ind2=" " ind1=" ">
      <subfield code="a">Internet de los objetos</subfield>
   </datafield>
   <datafield tag="653" ind2=" " ind1=" ">
      <subfield code="a">Energía eléctrica - Distribución</subfield>
   </datafield>
   <datafield tag="653" ind2=" " ind1=" ">
      <subfield code="a">Ciberterrorismo</subfield>
   </datafield>
   <datafield ind2="0" ind1="0" tag="245">
      <subfield code="a">Dispatching advanced and adaptive intrusion responses for IIoT-based system</subfield>
   </datafield>
</record>
</metadata></record></GetRecord></OAI-PMH>